000 00864nam a2200217Ia 4500
001 1779
003 GE_BSU
008 181216s||||||||xx |||||||||||||| ||und||
040 _cGE_BSU
080 _a56(075.8)
245 _aპალეონტოლოგიის მოკლე კურსი ნ.1 უხერხემლოთა პალეოზოოლოგია.
245 _bსახელმძვანელო.გეოლოგიის ფაკულტეტის სტუდენტებისათვის
260 _aთბილისი.
260 _bგანათლება
260 _c1985
300 _a315 გვ. 25 სმ.
541 _h18 ლ.
653 _aპალეონტოლოგია;
653 _aუხერხემლოთა პალეოზოოლოგია;
942 _cBK
999 _c35886
_d35886